[Event "Rheinland Pfalz op 9th"]
[Site "Lambsheim"]
[Date "2017.06.17"]
[Round "5"]
[White "Do, Nam"]
[Black "Wachtel, Anton"]
[Result "1-0"]
[WhiteElo "1874"]
[BlackElo "1676"]
[PlyCount "67"]
[EventDate "2017.06.15"]
[EventType "swiss"]
[EventRounds "7"]
[EventCountry "GER"]
[SourceTitle "CBM 178 Extra"]
[Source "ChessBase"]
[SourceDate "2017.06.22"]
[SourceVersion "1"]
[SourceVersionDate "2017.06.22"]
[SourceQuality "1"]

1. e4 e5 2. Nf3 Nc6 3. Bc4 Bc5 4. c3 Nf6 5. d3 h6 6. 0-0 0-0 7. Nbd2 d6 8. h3 a6 9. Bb3 Re8 10. Re1 Be6 11. Bc2 Nd7 12. Nf1 d5 13. Ng3 Bb6 14. Be3 d4 15. cxd4 Bxd4 16. Nxd4 Nxd4 17. Bxd4 exd4 18. f4 Qh4 19. Qf3 f6 20. Kh2 g5 21. Ne2 g4 22. Qg3 Qxg3+ 23. Kxg3 c5 24. hxg4 Kh7 25. f5 Bf7 26. Nf4 Rg8 27. Rh1 Rg7 28. Rh4 Ne5 29. Rah1 Kg8 30. a3 Ba2 31. b3 Kf7 32. Ra1 Rag8 33. Bd1 Bxb3 34. Bxb3+ 1-0

[Event "Rheinland Pfalz op 9th"]
[Site "Lambsheim"]
[Date "2017.06.16"]
[Round "3"]
[White "Dickel, Gisbert"]
[Black "Wachtel, Anton"]
[Result "1-0"]
[WhiteElo "1930"]
[BlackElo "1676"]
[PlyCount "129"]
[EventDate "2017.06.15"]
[EventType "swiss"]
[EventRounds "7"]
[EventCountry "GER"]
[SourceTitle "CBM 178 Extra"]
[Source "ChessBase"]
[SourceDate "2017.06.22"]
[SourceVersion "1"]
[SourceVersionDate "2017.06.22"]
[SourceQuality "1"]

1. f4 f5 2. c4 e6 3. Nc3 d5 4. e3 Nf6 5. Nf3 c6 6. d4 Be7 7. c5 Nbd7 8. b4 Nf8 9. a4 Bd7 10. a5 a6 11. Na4 h6 12. Ne5 g5 13. Nb6 Rb8 14. Bd3 Rg8 15. Qe2 Ng6 16. Nbxd7 Nxd7 17. Qh5 Ndxe5 18. fxe5 Kd7 19. g4 Nh4 20. gxf5 Nxf5 21. 0-0 Qe8 22. Qxe8+ Rbxe8 23. Bxf5 exf5 24. Rxf5 Ke6 25. Rf3 g4 26. Rf1 h5 27. Bd2 Bg5 28. Kf2 h4 29. Ke2 Ref8 30. Rg1 Be7 31. Rg2 g3 32. hxg3 Rf7 33. g4 Rgf8 34. Rh1 Rf3 35. Rhg1 Bg5 36. Rh2 R3f7 37. Be1 Rf3 38. Bf2 Kd7 39. Rgg2 h3 40. Rg1 Ke6 41. Rgh1 Kd7 42. Bg1 Rg3 43. Rxh3 Rxg4 44. Rf3 Rg2+ 45. Bf2 Rg8 46. Rh7+ Be7 47. Rff7 Re8 48. Kf1 Rg6 49. Bh4 Re6 50. Ke2 Kd8 51. Bg3 Rg6 52. Bf2 Kd7 53. Bh4 Re6 54. e4 Kd8 55. exd5 cxd5 56. Bf2 Kd7 57. Kd3 Kd8 58. Kc3 Kd7 59. Bh4 Kd8 60. Rxe7 R6xe7 61. Rxe7 Rxe7 62. b5 Kd7 63. Bxe7 Kxe7 64. c6 bxc6 65. bxa6 1-0

[Event "Rheinland Pfalz op 7th"]
[Site "Frankenthal"]
[Date "2015.06.04"]
[Round "1"]
[White "Weber, Rolf"]
[Black "Wachtel, Anton"]
[Result "1-0"]
[WhiteElo "1970"]
[BlackElo "1436"]
[PlyCount "77"]
[EventDate "2015.06.04"]
[EventType "swiss"]
[EventRounds "7"]
[EventCountry "GER"]
[SourceTitle "EXT 2017"]
[Source "ChessBase"]
[SourceDate "2016.10.25"]
[SourceVersion "1"]
[SourceVersionDate "2016.10.25"]
[SourceQuality "1"]

1. e4 e5 2. Nc3 c6 3. Bc4 Nf6 4. d3 d5 5. exd5 cxd5 6. Bb3 Bb4 7. Bd2 0-0 8. Qe2 Nc6 9. 0-0-0 Re8 10. f3 Nd4 11. Qf2 Qb6 12. Qh4 Nf5 13. Qe1 d4 14. Ne4 Bxd2+ 15. Rxd2 Nxe4 16. fxe4 Ne3 17. Nf3 Kf8 18. Ng5 f6 19. Nxh7+ Ke7 20. Qg3 g5 21. h4 Be6 22. hxg5 Bxb3 23. gxf6+ Kd7 24. Qg7+ Kc6 25. f7 Re6 26. cxb3 Kb5 27. f8Q Rc6+ 28. Kb1 Rxf8 29. Nxf8 Rf6 30. Qd7+ Qc6 31. Qxc6+ Kxc6 32. Nh7 Rg6 33. a4 Kd6 34. Rf2 Ke7 35. Nf8 Rg8 36. Rh7+ Ke8 37. Rxb7 Rh8 38. Nh7 Kd8 39. Rb8+ 1-0

[Event "Rheinhessen-ch U14"]
[Site "Oppenheim"]
[Date "2015.01.06"]
[Round "1"]
[White "Scholze, Benjamin"]
[Black "Wachtel, Anton"]
[Result "0-1"]
[WhiteElo "966"]
[BlackElo "1324"]
[PlyCount "68"]
[EventDate "2015.01.03"]
[EventType "swiss"]
[EventRounds "7"]
[EventCountry "GER"]
[SourceTitle "EXT 2017"]
[Source "ChessBase"]
[SourceDate "2016.10.25"]
[SourceVersion "1"]
[SourceVersionDate "2016.10.25"]
[SourceQuality "1"]

1. e4 e5 2. Nf3 Nc6 3. Bc4 Bc5 4. c3 Nf6 5. d4 exd4 6. cxd4 Bb4+ 7. Nc3 Nxe4 8. Qe2 Qe7 9. Bd2 Nxd2 10. Qxe7+ Bxe7 11. Kxd2 0-0 12. Nd5 Bd6 13. Rhe1 b6 14. Re2 Na5 15. Bd3 Bb7 16. Nc3 Bf4+ 17. Kc2 Bxf3 18. gxf3 Nc6 19. Re4 Nb4+ 20. Kb3 Nxd3 21. Kc2 Nb4+ 22. Kb3 Bd6 23. Nb5 a5 24. a3 Nd3 25. Rf1 Rfe8 26. Kc3 Rxe4 27. fxe4 Nf4 28. e5 Be7 29. Kd2 c6 30. Nc3 Bg5 31. Ne4 Ne6+ 32. Kd3 Rd8 33. Z0 Be7 34. f4 d6 0-1

[Event "Rheinhessen-ch U14"]
[Site "Oppenheim"]
[Date "2015.01.06"]
[Round "4"]
[White "Wachtel, Anton"]
[Black "Kitzinger, Alexander"]
[Result "0-1"]
[WhiteElo "1324"]
[BlackElo "1156"]
[PlyCount "76"]
[EventDate "2015.01.03"]
[EventType "swiss"]
[EventRounds "7"]
[EventCountry "GER"]
[SourceTitle "EXT 2017"]
[Source "ChessBase"]
[SourceDate "2016.10.25"]
[SourceVersion "1"]
[SourceVersionDate "2016.10.25"]
[SourceQuality "1"]

1. e4 e5 2. Nf3 Nc6 3. d4 d6 4. c3 Nf6 5. Bg5 Be7 6. Nbd2 0-0 7. d5 Nb8 8. Be2 Nxd5 9. exd5 Bxg5 10. Ne4 Bh6 11. h4 Bg4 12. Qc2 Bxf3 13. Ng5 f5 14. Nxf3 Nd7 15. Rg1 Qf6 16. Qa4 Nc5 17. Qc2 Rae8 18. Nd2 e4 19. 0-0-0 Qxh4 20. g3 Qe7 21. b4 e3 22. fxe3 Bxe3 23. bxc5 Bxg1 24. Bb5 Bxc5 25. Bxe8 Qxe8 26. Rf1 Qe5 27. Qd3 f4 28. gxf4 Rxf4 29. Rh1 Qf5 30. Qxf5 Rxf5 31. Re1 Re5 32. Rxe5 dxe5 33. Nf3 e4 34. Ne1 g5 35. Kd2 Kf7 36. Nc2 Kf6 37. Nd4 Bxd4 38. cxd4 Kf5 0-1